ბათუმის შოთა რუსთაველის სახელმწიფო უნივერსიტეტის ბიბლიოთეკა

რჩეული თხზულებანი [ რვატომეული ] ტომი IV დავით აღმაშენებელი : (ბიბ.ჩანაწერი № 40051)

000 -ლიდერი
ფიქსირებული სიგრძის საკონტროლო ველი 01424nam a2200265Ia 4500
001 - საკონტროლო ნომერი
საკონტროლო ველი 6657
003 - საკონტროლო ნომრის იდენტიფიკატორი
საკონტროლო ველი GE_BSU
005 - ბოლო ოპერაციის თარიღი და დრო
საკონტროლო ველი 20191125160000.0
008 - ფიქსირებული სიგრძის მონაცემთა ელემენტები - ზოგადი ინფორმაცია
ფიქსირებული სიგრძის საკონტროლო ველი 181216s1962||||ge |||||||||||||| ||geo||
040 ## - კატალოგიზაციის წყარო
Transcribing agency GE_BSU
041 ## - ენის კოდი
Language code of text/sound track or separate title geo
080 ## - უნივერსალური ათობითი კლასიფიკაციის ინდექსი
Universal Decimal Classification number 821.353.1-311 გ-19
100 ## - მთავარი ჩანაწერი - პიროვნების სახელი
Personal name გამსახურდია, კონსტანტინე.
9 (RLIN) 1395
245 ## - ცნობა სათაურის შესახებ
Title რჩეული თხზულებანი [ რვატომეული ] ტომი IV დავით აღმაშენებელი :
Remainder of title ტეტრალოგია /
Statement of responsibility, etc კონსტანტინე გამსახურდია ; სარედ. ირაკლი აბაშიძე, სერგი ჭილაია, გიორგი ნატროშვილი.
264 ## - წარმოების, გამოცემის, დისტრიბუციის და სხვა ცნობები
გამოცემის, წარმოების, დისტრიბუციის... ადგილი თბილისი :
გამოცემის, წარმოების, დისტრიბუციის... სახელწოდება საბჭ.საქართველო,
გამოცემის, წარმოების, დისტრიბუციის... თარიღი 1962.
300 ## - ფიზიკური აღწერა
Extent 808 გვ. ;
Dimensions 22 სმ.
653 ## - INDEX TERM--UNCONTROLLED
Uncontrolled term თხზულებანი
653 ## - INDEX TERM--UNCONTROLLED
Uncontrolled term რვატომეული
653 ## - INDEX TERM--UNCONTROLLED
Uncontrolled term დავით აღმაშენებელი
653 ## - INDEX TERM--UNCONTROLLED
Uncontrolled term ტეტრალოგია
700 ## - ADDED ENTRY--PERSONAL NAME
Personal name აბაშიძე, ირაკლი
Relator term რედაქტორი
9 (RLIN) 3740
700 ## - ADDED ENTRY--PERSONAL NAME
Personal name ჭილაია, სერგი
Relator term რადაქტორი
9 (RLIN) 5551
700 ## - ADDED ENTRY--PERSONAL NAME
Personal name ნატროშვილი, გიორგი
Relator term რედაქტორი
9 (RLIN) 3756
942 ## - ADDED ENTRY ELEMENTS (KOHA)
Koha item type წიგნი
Source of classification or shelving scheme
ეგზემპლარები
ჩამოწერის სტატუსი დაკარგული ეგზემპლარის სტატუსი კლასიფიკაციის წყარო ან თაროზე გაწყობის სქემა დაზიანების სტატუსი არ გაიცემა მუდმივი მდებარეობა (დაცვის ადგილი) ამჟამინდელი ადგილსამყოფელი თაროზე განთავსების ადგილი შეძენის თარიღი ღირებულება, შესყიდვის ნორმალური ფასი სრული შენახვის შიფრი შტრიხკოდი ბოლო ოპერაციის თარიღი ეგზემპლარის მიმდევრობითი ნომერი (კეტერი?) ფასის ძალაში შესვლის თარიღი ეგზემპლარის სახეობა საჯარო შენიშვნა
          ბათუმის შოთა რუსთაველის სახელმწიფო უნივერსიტეტის მთავარი ბიბლიოთეკა ბათუმის შოთა რუსთაველის სახელმწიფო უნივერსიტეტის მთავარი ბიბლიოთეკა წიგნსაცავი 2018-12-17 8.00 821.353.1-311 გ-19 14371 2018-12-17 14371 2018-12-17 წიგნი 8.00 ლ.